000
00289 a2200145 4500
001
168036
020
_a
040
_c
Magnum
100
_a
Snyder, Robin
240
1
0
_a
A guerra dos gobots
_l
por
245
1
0
_a
A guerra dos gobots
362
0
_a
1899
697
_a
IJ/GERAL
942
_c
BK
999
_c
168036
_d
168036